00474 a2200157 4500010001400000020002300014035001300037037001800050082001100068100001900079245008200098260004400180270004700224300002600271500001900297 aENG-85940 a8120329454c195.00 aEN-69473 bD.B.Act / Pub14a658.161 aAbrams, Rhonda1 aBusiness plan in a daycby Rhonda Abramsbget it done right, get it done fast aNew DelhibPrentice Hall of Indiac2007 aM-97, Cannaught CircusbNew Delhie110 001 a182 p.b23 cm. (Pbk.) aIncludes index